Language Quiz

Random Language or Letter Quiz

5-Letter Words: Change the 1st Letter Quiz Stats

Quiz Updated Jun 9, 2015

Challenge
Share
Tweet
Embed
Score 0/64 Timer 05:00
1 Play Today
Hint Answer % Correct
_ A S K STASKS
92.8%
_ E A S TBEAST
91.8%
_ O A S TTOAST
90.1%
_ A R P SCARPS
89.8%
_ O I S TMOIST
89.6%
_ E A S TFEAST
88.7%
_ E V E RLEVER
88.4%
_ A R P SHARPS
88%
_ A S K SMASKS
87.9%
_ A L V EVALVE
87.9%
_ A L V ESALVE
87.8%
_ A S K SBASKS
87.4%
_ L U S HBLUSH
87.3%
_ E V E RNEVER
87.2%
_ O A S TBOAST
86.7%
_ A S P SWASPS
86.5%
_ A R P STARPS
85.9%
_ R A W LCRAWL
85.2%
_ E V E RFEVER
84.8%
_ E A S TLEAST
84.4%
_ I N C HPINCH
84%
_ R A W LBRAWL
84%
_ R E A KBREAK
83.6%
_ A L V EHALVE
83.2%
_ L U S HFLUSH
82.6%
_ R A I NBRAIN
81.9%
_ R A I NTRAIN
81.8%
_ L U S HPLUSH
81.7%
_ O M B SBOMBS
81.3%
_ A S K SCASKS
81.3%
_ A R P SWARPS
80.7%
_ O I S THOIST
80.3%
Hint Answer % Correct
_ O M B SCOMBS
79.6%
_ O A S TCOAST
79.3%
_ O A S TROAST
79.3%
_ A L V ECALVE
78.9%
_ I N C HCINCH
78%
_ R O V EGROVE
77.8%
_ R A I NDRAIN
77.7%
_ U D G EFUDGE
77.4%
_ L U S HSLUSH
77.2%
_ E V E RSEVER
76.9%
_ O M B STOMBS
76.6%
_ I N C HFINCH
76.6%
_ R O V EDROVE
75.9%
_ R E A KCREAK
75.8%
_ A S P SGASPS
75.7%
_ U D G EBUDGE
73.3%
_ E A S TYEAST
73.3%
_ I N C HWINCH
72.5%
_ R E A KFREAK
70.9%
_ R O V ETROVE
70.3%
_ A S P SRASPS
69.6%
_ O M B SWOMBS
69.5%
_ R A I NGRAIN
67.5%
_ U D G EJUDGE
67.1%
_ O I S TJOIST
66.8%
_ R A W LDRAWL
66.1%
_ R A W LTRAWL
63.8%
_ U D G ENUDGE
63.1%
_ O I S TFOIST
62.6%
_ A S P SHASPS
59.3%
_ R O V EPROVE
58%
_ R E A KWREAK
53.8%

You're not logged in!

Compare scores with friends on all Sporcle quizzes.
Join for Free
OR
Log In

You Might Also Like...

Show Comments

Extras

Top Quizzes Today


Score Distribution

Your Account Isn't Verified!

In order to create a playlist on Sporcle, you need to verify the email address you used during registration. Go to your Sporcle Settings to finish the process.

Report this User

Report this user for behavior that violates our Community Guidelines.

Details: